№ 6; Лакокрасочные материалы и их применение

গ্রন্থ-পঞ্জীর বিবরন
Parent link:Лакокрасочные материалы и их применение: научно-технический журнал. № 6.— , 1979-1995, 2002-.— 0130-9013
ভাষা:রুশ
প্রকাশিত: 1995
বিন্যাস: MixedMaterials গ্রন্থ
KOHA link:https://koha.lib.tpu.ru/cgi-bin/koha/opac-detail.pl?biblionumber=506727

MARC

LEADER 00000nam2a2200000 4500
001 506727
005 20231101103303.0
035 |a (RuTPU)RU\TPU\prd\177802 
035 |a RU\TPU\prd\177791 
090 |a 506727 
100 |a 20130516a19959999km y0rusy50 ca 
101 0 |a rus 
102 |a RU 
200 0 |a № 6 
210 |d 1995 
461 1 |0 (RuTPU)RU\TPU\prd\2006  |x 0130-9013  |t Лакокрасочные материалы и их применение  |o научно-технический журнал  |v № 6  |d 1979-1995, 2002- 
801 0 |a RU  |b 63413507  |c 20010227  |g PSBO 
801 1 |a RU  |b 63413507  |c 20130416 
801 2 |a RU  |b 63413507  |c 20130516  |g RCR 
942 |c BK 
999 |a НТБ_ТПУ  |b НФ  |e -4/20130109  |p П-9063  |u 0,00  |v 1